00218nam a2200073Ia 4500082002000000245006100020100002200081008004100103 aT 362.4835 ESHE 0aBreaking down barriers : youth with physical challenges  a ESHERICK, Joan 210825s9999 xx 000 0 und d